000 01061nac a22003011i 4500
003 EG-ScBUE
005 20250624083442.0
008 250617s2005 gw a f b 001 0 eng d
020 _a3540254706
020 _a9783540254706
040 _aEG-ScBUE
_beng
_erda
_cEG-ScBUE
_dEG-ScBUE
082 0 4 _a537.6
_bYUP
_222
100 1 _aYu, Peter Y.,
_d1944-
_eauthor.
245 1 0 _aFundamentals of semiconductors :
_bphysics and materials properties /
_cPeter Y. Yu, Manuel Cardona.
250 _aThird, revised and enlarged edition.
264 1 _aBerlin :
_bSpringer,
_c2005.
300 _axviii, 639 pages :
_billustrations ;
_c25 cm
336 _2rdacontent
_atext
_btxt
337 _aunmediated
_2rdamedia
_bn
338 _avolume
_bnc
_2rdacarrier
500 _aWith 250 Two-Color figures, 52 tables and 116 problems.
504 _aIncludes bibliographical references and index.
650 7 _aSemiconductors.
_2BUEsh
650 7 _aSemiconductors
_xMaterials.
_2BUEsh
655 _vReading book
700 1 _aCardona, Manuel,
_d1934-
_eauthor.
942 _cBB
_2ddc
999 _c2187
_d2187